Five Guys - Statistics

General Stats
  • This quiz has been taken 7 times
  • The average score is 4 of 5
Answer Stats
Guy % Correct
Chad
100%
Jerry
86%
Jim
86%
Matt
86%
Ben
71%
No matching quizzes found
Score Distribution
Percent of People with Each Score
Percentile by Number Answered
Your Score History
You have not taken this quiz